00270nam a2200097Ia 4500008004100000100002000041245005400061260002900115300000900144650001900153190216s9999||||xx |||||||||||||| ||und|| aEdgar Allan Poe 4aThe Selected Poetry And Prose Of Edgar Allan Poe bThe Modern Libraryc1951 a427p aEnglish Poetry